000 01002nam a2200193Ia 4500
999 _c8977
_d8977
005 20230824153232.0
008 230823s9999 xx 000 0 und d
020 _a970103824X
040 _aUPAN
_cBiblioteca San Vicente
_eRCAA2
041 _aspa
082 _a658.15
_bO784i
_c2002
100 _aOrtega Castro, Alfonso
_4aut.
245 0 _aIntroduccion a las finanzas/
_bAlfonso Ortega Castro
260 _aMexico:
_bMcGraw Hill,
_c2002
300 _a417 p.;
_c23 cm.
505 _aCapitulo 1. Función financiera Capitulo 2. Anàlisis financiero Capitulo 3. Sistema financiero mexicano Capitulo 4. Sistema financiero internacional Capitulo 5. Capital de trabajo Capitulo 6. Administración de cuentas por cobrar Capitulo 7. Administración del efectivo Capitulo 8. Administración de inventarios Capitulo 9. Financiamiento a corto y largo plazos Capitulo 10. Anàlisis y evaluación integral de los estados financieros para fines de crédito
650 _2LEMB
_xFinanza
942 _cBK
_2ddc